000 00854nam a2200289Ia 4500
005 20260324120338.0
008 008 260324s9999 xx 000 0 eng d
020 _a9780429225628
037 _aEBOOK
040 _aCRL
040 _beng
040 _cCRL
041 _2eng
041 _aeng
084 _qCRL
100 _aMohamad Ali; Peter Platko
_91158200
245 0 _aAdvances and Trends in Engineering Sciences and Technologies
245 0 _bProceedings of the International Conference on Engineering Sciences and Technologies, 27-29 May 2015, Tatranské Matliare , High Tatras Mountains - Slovak Republic
260 _bTaylor and Francis
260 _c2015
365 _a
365 _b120
856 _uhttp://www.taylorfrancis.com/books/9780429225628
942 _cEBOOK
999 _c1749690
_d1749690